| 000 | 00773nam a22002777a 4500 | ||
|---|---|---|---|
| 001 | 00122 | ||
| 003 | DO-SdBNP | ||
| 005 | 20160328152200.0 | ||
| 007 | 00122 | ||
| 008 | 160328b xxu 2007 ||||| |||| 00| 0 spa d | ||
| 020 | _a9780153522253 | ||
| 040 |
_aBPMSU _bspa _cBPMSU |
||
| 092 |
_axxxxxxxx _bxxxxxxxx |
||
| 245 | 0 | 0 |
_aMath / _cAngela Giglio Andrews ...[et al.]. |
| 260 |
_aEstados Unidos : _bHarcourt, _c2007. |
||
| 300 |
_axxvii, 667 p. : _bil., _c28 cm. |
||
| 700 | 1 | 0 |
_aBennett, Jennie M., _eed. |
| 700 | 1 | 0 |
_aBurton, Grace M., _eed. |
| 700 | 1 | 0 |
_aLuckie, Lynda A., _eed. |
| 700 | 1 | 0 |
_aMcleod, Joyce C., _eed. |
| 700 | 1 | 0 |
_aNewman, Vicki, _eed. |
| 700 | 1 | 0 |
_aRoby, Tom, _eed. |
| 700 | 1 | 0 |
_aScheer, Janet K., _eed. |
| 942 |
_2ddc _cBK |
||
| 956 | _aBrenda Tavárez | ||
| 999 |
_c9410 _d9410 |
||